00655cam a22002531 4500001001300000003000400013005001700017008004100034010001700075025001900092035001900111040001900130042001200149050001600161082001000177100002900187245003700216250001400253260004100267300002200308504003100330650002300361999001700384sa 66003892 DLC20260227112239.0791005s1965 ii b 000 0 eng  asa 66003892  aPL480:I-E-5314 a(OCoLC)5470823 aDLCcNBuUdDLC apremarc00aHM251b.S46 a301.11 aSharma, Ram Nath,d1931-10aEssentials of social psychology. a[1st ed.] aKampur,bOriental Pub. Housec[1965] av, 455 p.c23 cm. aBibliographical footnotes. 0aSocial psychology. c69156d69156